| 000 | 00796cam a22002411 4500 | ||
|---|---|---|---|
| 001 | hew60000033 | ||
| 003 | DLC | ||
| 005 | 20260227111510.0 | ||
| 008 | 780712s1960 dcu b f000 0 eng | ||
| 010 | _ahew60000033 | ||
| 035 | _a(OCoLC)4046905 | ||
| 040 |
_aDLC _cMiOC _dOCoLC _dDLC |
||
| 050 | 0 | 0 |
_aL111 _b.A75 no. 123 |
| 051 |
_aLC4691 _b.W5 |
||
| 082 | _a371.92 | ||
| 100 | 1 |
_aWilliams, Harold M. _q(Harold Marshall), _d1899- |
|
| 245 | 1 | 4 | _aThe retarded child goes to school. |
| 260 |
_a[Washington] _bU.S. Dept. of Health, Education, and Welfare, Office of Education _c[1960] |
||
| 300 |
_aviii, 24, [1] p. _c23 cm. |
||
| 410 | 1 | 0 |
_aUnited States. _bOffice of Education. _tPamphlet _vno. 123. |
| 504 | _aBibliography: p.23-[25] | ||
| 650 | 0 |
_aChildren with mental disabilities _xEducation. |
|
| 999 |
_c34237 _d34237 |
||